Дело о ежегодном удержании сумм в пользу инвалидного капитала из процентов выкупной ссуды Таурогенского имения

Доступно только в Электронных читальных залах Найти на картеНа карте
RUSMARC
00003472nmc2a2200000 x 450
001e48b9849-8515-4227-8687-38cb7190643c
00520151218174913.0
100##$a20150910l18731885k l0rusy0189 ca
1010#$arus
102##$aRU
2001#$aДело о ежегодном удержании сумм в пользу инвалидного капитала из процентов выкупной ссуды Таурогенского имения
$j1873-1885 гг.
251##$cДело
300##$aДело
801#0$aRU
$bРГИА
$c20150910
$gRCR
801#1$aRU
$bГлавНИВЦ
$c20150910
$2rusmarc
801#2$aRU
$bПБ им. Б.Н. Ельцина
$c20151218
$gRCR
$2rusmarc
850##$aРГИА
852##$aРГИА
$eФедеральное казенное учреждение "Российский государственный исторический архив" (РГИА)
$j1259
937##$hРГИА
$d12148107
$aASBIBLIO_SCAN
462#0$1001822e29f6-cf5c-4253-b938-c1de610979e5
$12001
$aАрхив князей Васильчиковых. 1706-1917 гг.
$1251
$cОпись
$1852
$j1
461#0$1001f72a1ecb-9a9a-44e3-87ff-4a647e6521fe
$12001
$aВасильчиковы, князья
$1251
$cФонд
$1852
$j651
215##$a31 л.
$d36,5х26 см
371##$aДокумент не является опубликованным и широко распространяемым
105##$ay###
1222#$ad
035##$ae48b9849-8515-4227-8687-38cb7190643c
Формат отображения